000 00770nam a2200241Ia 4500
003 OSt
005 20220923215243.0
006 a|||||r|||| 00| 0
007 ta
008 220922b |||||||| |||| 00| 0 hin d
024 _a177,104
037 _cTextual
040 _aARTS
_cARTS
_bhin
041 _2hin
_ahin
082 _aO152,1:g(P:75), K9
100 _aसहाय, राजवंश, हीरा
245 0 _aअलंकार मीमांसा
246 _aAlankār mīmāansā
260 _aवाराणसी
_b चौखम्बा विद्याभवन
_c1969
300 _a200 पृ.
_ccm.
942 _hO152,1:g(P:75), K9
_cTEXL
_2CC
999 _c330499
_d330499